Sat

محفوظ في:
التفاصيل البيبلوغرافية
مؤلف مشترك: Antenna Technology Communications, Inc (مؤلف)
التنسيق: كتاب
اللغة:الإسبانية
منشور في: Chandler ATCI Antennas 1979
الموضوعات:
الوسوم: إضافة وسم
لا توجد وسوم, كن أول من يضع وسما على هذه التسجيلة!

MARC

LEADER 00000nam a2200000 a 4500
001 UCS9040
003 CL-VaPUC
008 971113e19790000US |||||||||||||||||spa|d
082 0 4 |a 629.46  |b ANT  |2 21 
110 2 |a Antenna Technology Communications, Inc  |e author  |9 394014 
245 1 0 |a Sat 
300 |a 120 p 
942 |c BK 
945 |d 19971113 00:00:00  |a jquezada 
260 |a Chandler  |b ATCI Antennas  |c 1979 
650 0 |a Telecomunicaciones   |9 257195 
650 0 |a Antenas parabólicas   |9 394015 
650 0 |a Comunicación digital   |9 260754 
650 0 |a Propagación de ondas  |9 263256 
650 0 |a Redes de información  |9 230208 
650 0 |a Satélites artificiales   |9 361058 
650 0 |a Medios de comunicación de masas  |9 257273 
583 |a last modification  |c 20160914 01:46:13  |k Rodrigo Vera 
999 |c 263108  |d 263106 
952 |0 0  |1 0  |4 0  |6 629_460000000000000_ANT_1979  |7 0  |8 A  |9 292202  |a BIBING  |b BIBING  |d 2019-11-19  |i 3361985  |o 629.46 ANT 1979  |p 3361985  |r 2025-01-20  |w 2019-11-19  |y BK  |k EIE